Представление документа в формате RUSMARC

ПолеНазваниеЗначение
  Тип записи a
  Библиографический уровень m
001 Контрольный номер UONB/MAIN/2f9bf8ba8e344911b5d9070ac84e66ce
005 Дата корректировки 20260416155753.5
010 Индекс ISBN __
d Цена 1 р. 25 к.
100 Данные общей обработки __
a Данные общей обработки 20260416d1911 u y0rusy0189 ca
101 Язык документа 0_
a Язык текста rus
102 Страна публикации __
a Страна публикации RU
105 Кодированные данные (монография) __
a Кодированные данные (монография) a z 001yy
200 Заглавие и сведения об ответственности 1_
a Заглавие Опись собрания буддийских статуэток, приобретенных в Сиаме в 1906 г.
e Сведения, относящиеся к заглавию с приложением 4 таблиц
e Сведения, относящиеся к заглавию (доложено в заседании Историко-филологического отделения 11 марта 1909 г.)
f Первые сведения об ответственности Н. И. Воробьев
g Последующие сведения об ответственности автор предисловия С. Ольденбург
210 Выходные данные 1_
d Дата издания 1911
215 Физическое описание __
a Объем 29 с.
c Иллюстрации/тип воспроизводства ил., 4 л. табл.
320 Библиография __
a Библиография Библиогр. в подстроч. примеч.
461 Уровень набора _0
1 2001
a Сборник Музея антропологии и этнографии
v Т. 12
1 2101
a Санкт-Петербург
c Наука, Санкт-Петербургское отделение
d 1900-
1 300
a Доп. тит. л. фр.
1 001UONB/MAIN/77ff1e0278f642a191f97e1f573595f3
1 203
a Текст
b визуальный
c непосредственный
1 215
d 30 см
1 71002
a Музей антропологии и этнографии им. Петра Великого (Санкт-Петербург)
4 570
606 Тематические рубрики 0_
a Основная рубрика Буддийское искусство
y Географическая подрубрика Таиланд
610 Ключевые слова 0_
a Ключевые слова народы Бангкока; буддийское искусство; буддийские статуэтки; буддийские сиамские храмы
686 Индексы других классификаций __
a Классификационный индекс 85.103(5)
2 Код системы rubbk
700 Автор _1
a Фамилия Воробьев
b Имя (инициалы) Н. И.
702 Вторичная интеллектуальная ответственность _1
a Фамилия Ольденбург
b Имя (инициалы) С.
4 Код отношения 080
801 Источник записи _0
a Страна RU
b Организация Ульяновская ОНБ
c Дата составления 20260416
g Правила каталогизации RCR
801 Источник записи _1
a Страна RU
b Организация Ульяновская ОНБ
c Дата составления 20260416
g Правила каталогизации RCR
901 Тип документа __
t Тип документа n
w Контрольный № источника UONB/MAIN/77ff1e0278f642a191f97e1f573595f3
909 Создатель записи __
a Создатель записи Моргунова
b Дата создания записи 20260416